000 00752cam a2200253 4500
999 _c6937
_d6937
001 6937
003 UkOxU
005 20180210164811.0
008 740608s1967 nyua b 000 0 eng
035 _a(BD-JhCC) 6937
040 _aDLC
_cDLC
_dUKM
_dEQO
041 _aeng
050 0 0 _aQA76
_b.D3
082 0 0 _a004
_bDAV 1967
100 1 _aDavidson, Charles H.
245 1 0 _aComputers :
_bintroduction to computers and applied computing concepts /
_c[by] Charles H. Davidson [and] Eldo C. Koenig.
260 _aNew York ;
_aLondon :
_bWiley,
_c[1967]
300 _axii, 596 p.
_billus.
_c24 cm.
504 _aBibliography: p. 512-513.
650 0 _aComputers.
700 1 _aKoenig, Eldo C.
_q(Eldo Clyde),
_d1919-
942 _2ddc
_cBK